00613cam a22001931 450000100060000000300080000600500170001400800390003103500190007004000270008904100110011608200220012710000180014924500860016726000410025330000250029465000550031965100450037422143BD-RjUL20211209000755.0140306s1966 ii 000 1 eng a(BD-RjUL)22208 aDLCcDLCdBD-RjULbeng1 aengmar00a891.463bRAR 19661 aRaeside, Ian,14aThe rough and the smooth /cshort stories translated from Marathi by Ian Raeside. aNew York :bAsia Pub. House,cc1966. axi, 178 p. ;c22 cm. 0aShort stories, MarathixTranslations into English. 0aIndiaxSocial life and customsxFiction.